DAX bourse - Statistiques

Statistiques générales
  • Ce quiz a été pris 34 fois
  • Le résultat moyen est 7 sur 30
Statistiques - réponses
secteur entreprise % Correct
equipement sportif Adidas
84%
automobile BMW
74%
automobile Volkswagen Group
71%
industrie pharmaceutique Bayer AG
58%
banque Deutsche Bank
52%
assurance Allianz
48%
compagnie aérienne Lufthansa
48%
Informatqiue SAP
26%
service postal Deutsche Post
23%
industrie chimique BASF
19%
banque Commerzbank
19%
automobile Daimler
19%
service télécoms Deutsche Telekom
19%
ingénierie Siemens
19%
électricité eau E.ON
13%
bourse Deutsche Börse
10%
pharmaceutique Merck
10%
cosmétique Beiersdorf
6%
Poids lourds MAN
6%
distribution alimentaire Metro
6%
Ré-assurance Munich Re
6%
électricité et eau RWE
6%
industrie ThyssenKrupp
6%
pharmaceutique Fresenius Medical Care
3%
métallurgie Salzgitter
3%
banque Deutsche Postbank
0%
produit de grande consommation Henkel
0%
semi-conducteur Infineon
0%
industrie chimique K+S
0%
ingénierie Linde
0%
Aucun quiz correspondant
Distribution des résultats
% des personnes avec chaque résultat
Percentile par nombre de réponses
Votre historique - résultats
Vous n’avez pas pris ce quiz